000 00579nam a22001577a 4500
003 OSt
005 20151030101854.0
008 151030b xxu||||| |||| 00| 0 eng d
040 _cRUA
082 _aFOR កែវ 1989 B115 Or.1
100 _93059
_aកែវ ដាឌីធី
245 _aការស្រាវជ្រាវ និង ប្រើប្រាស់ធនធានព្រៃឈើនាពេល អនាគត នៅខេត្តស្ទឹងត្រែង
260 _aPhnom Penh
_bRUA
_c1989
300 _a103p.
_bill.
_c29cm.
942 _2ddc
_cFOR
999 _c2852
_d2852